| 000 | 01117nam a22003497a 4500 | ||
|---|---|---|---|
| 003 | CHAP | ||
| 005 | 20220329143724.0 | ||
| 008 | 110413s1982 mx r 00010 spa d | ||
| 010 | _a100939 | ||
| 011 | _a101911 | ||
| 020 | _a9684582250 | ||
| 035 | _a112599 | ||
| 040 | _cCHAP | ||
| 082 | 0 | 4 |
_a001.3 _bA83 1982 |
| 100 | 0 | 0 |
_aAsimov, Isaac. _97955 |
| 245 | 1 | 3 |
_aEl libro de los sucesos _c/por Isaac Asimov |
| 246 | 3 |
_iEn cubierta: _aEl libro de los sucesos, eventos, hechos, casos, cosas ... |
|
| 250 | _a3 ed. | ||
| 260 |
_aMéxico, D.F. : _bLasser Press Mexicana, _c1982 |
||
| 300 | _a631 p. | ||
| 534 |
_pTít. original _tIsaac Asimov's book of facts |
||
| 590 |
_aBATCH-UPD _b10 _c20130110 _lUCH01 _h1011 |
||
| 590 |
_aBATCH-UPD _b10 _c20130410 _lUCH01 _h0619 |
||
| 590 |
_aBATCH-UPD _b10 _c20130914 _lUCH01 _h0419 |
||
| 590 |
_aCONVERSION _b10 _c20130109 _lUCH01 _h1356 |
||
| 650 | 1 | 4 |
_aAlmanaques. _94477 |
| 650 | 1 | 4 |
_aConocimiento, Teoría del. _927232 |
| 650 | 1 | 4 |
_aInformación. _958076 |
| 901 | _aBK | ||
| 942 | _cLIBRO | ||
| 949 |
_a001.3 A83 1982 _bBC _cLIBRO _d33724002258611 _eLIBRO _h114671 _i112599 _si |
||
| 999 |
_c100939 _d100939 |
||